000 00492nam a2200193Ia 4500
008 220531s9999 xx 000 0 und d
041 _aeng
082 _bDIX
100 _aDixit, P. G. &. Others
_968627
245 _aStatistical Methods-ii (paper-ii)
250 _a1ST
260 _aPune
_bNirali
_c2014
300 _aS.3
542 _d08-07-2014
551 _aComputer Science
_bNon-grant--C
650 _astatistics
_968628
906 _d2014-2015
_f258
999 _c38545
_d38545